Analýza hypotekárnych úverov a ich poskytovanie v SR a EÚ diplomová práca

Enregistré dans:
Détails bibliographiques
Auteur principal: Šimonová, Dominika
Collectivité auteur: Národohospodárska fakulta EU. Katedra financií
Autres auteurs: Alexy, Martin, 1976-
Format: Livre
Langue:slovaque
Publié: Bratislava 2024
Tags: Ajouter un tag
Pas de tags, Soyez le premier à ajouter un tag!

MARC

LEADER 00000nbm a2200000 4500
001 0300681
005 20241031134240.9
041 0 |a slo 
044 |a SK 
245 1 0 |a Analýza hypotekárnych úverov a ich poskytovanie v SR a EÚ  |b diplomová práca  |c Dominika Šimonová ; školiteľ: Martin Alexy 
264 1 |a Bratislava  |c 2024 
300 |a 62 s. 
100 1 |a Šimonová, Dominika 
700 1 |a Alexy, Martin, 1976- 
710 2 |a Národohospodárska fakulta EU. Katedra financií